[Event "Hoogeveen Open 2016"]
[Site "Hoogeveen"]
[Date "2016.10.15"]
[Round "1.1"]
[White "Hofmann, Ron"]
[Black "Gupta, Abhijeet"]
[Result "0-1"]
[BlackElo "2626"]
[WhiteElo "2074"]
[LiveChessVersion "1.4.8"]

1. c4 {[%clk 1:30:29]} Nf6 {[%clk 1:30:49]} 2. Nc3 {[%clk 1:30:50]} e5
{[%clk 1:30:48]} 3. Nf3 {[%clk 1:30:50]} Nc6 {[%clk 1:31:14]} 4. e3
{[%clk 1:30:57]} Bb4 {[%clk 1:31:21]} 5. Qc2 {[%clk 1:30:31]} d6 {[%clk 1:29:02]}
6. a3 {[%clk 1:29:25]} Bxc3 {[%clk 1:28:56]} 7. Qxc3 {[%clk 1:29:46]} a5
{[%clk 1:29:22]} 8. b3 {[%clk 1:28:08]} O-O {[%clk 1:28:50]} 9. Be2
{[%clk 1:20:40]} Bg4 {[%clk 1:25:54]} 10. d3 {[%clk 1:18:54]} Re8
{[%clk 1:23:52]} 11. O-O {[%clk 1:16:38]} e4 {[%clk 1:21:26]} 12. dxe4
{[%clk 1:15:59]} Nxe4 {[%clk 1:21:51]} 13. Qc2 {[%clk 1:16:06]} Qf6
{[%clk 1:20:22]} 14. Bb2 {[%clk 1:16:00]} Qg6 {[%clk 1:14:37]} 15. Nh4
{[%clk 1:11:18]} Qh5 {[%clk 1:14:10]} 16. Bxg4 {[%clk 1:11:01]} Qxg4
{[%clk 1:14:36]} 17. Nf3 {[%clk 1:11:02]} Qg6 {[%clk 1:11:33]} 18. Rad1
{[%clk 1:06:41]} Nc5 {[%clk 1:08:40]} 19. Qc3 {[%clk 0:58:30]} Re4
{[%clk 1:07:52]} 20. h3 {[%clk 0:45:14]} f6 {[%clk 1:06:07]} 21. Rfe1
{[%clk 0:37:20]} Ne5 {[%clk 1:05:11]} 22. Nxe5 {[%clk 0:35:12]} fxe5
{[%clk 1:05:37]} 23. f3 {[%clk 0:29:39]} Rh4 {[%clk 1:06:01]} 24. Kh2
{[%clk 0:28:33]} Rf8 {[%clk 1:04:57]} 25. e4 {[%clk 0:26:32]} Ne6
{[%clk 1:04:31]} 26. Bc1 {[%clk 0:26:38]} Qh5 {[%clk 1:02:28]} 27. Rf1
{[%clk 0:25:55]} b6 {[%clk 0:46:19]} 28. Be3 {[%clk 0:23:00]} Rf6
{[%clk 0:46:06]} 29. b4 {[%clk 0:22:28]} Ng5 {[%clk 0:31:59]} 30. Bxg5
{[%clk 0:21:48]} Qxg5 {[%clk 0:32:25]} 31. Qd2 {[%clk 0:21:38]} Qxd2
{[%clk 0:18:24]} 32. Rxd2 {[%clk 0:21:59]} Rxe4 {[%clk 0:16:59]} 33. fxe4
{[%clk 0:16:42]} Rxf1 {[%clk 0:17:22]} 34. bxa5 {[%clk 0:16:42]} bxa5
{[%clk 0:17:49]} 35. c5 {[%clk 0:16:39]} Re1 {[%clk 0:17:41]} 36. cxd6
{[%clk 0:16:44]} cxd6 {[%clk 0:18:08]} 37. Rxd6 {[%clk 0:16:59]} Rxe4
{[%clk 0:18:35]} 38. Rd5 {[%clk 0:09:46]} a4 {[%clk 0:18:58]} 39. Kg3
{[%clk 0:03:12]} Re3+ {[%clk 0:16:58]} 40. Kf2 {[%clk 0:00:54]} Rxa3
{[%clk 0:17:23]} 41. Rxe5 {[%clk 0:01:05]} Rb3 {[%clk 0:17:51]} 42. Ra5
{[%clk 0:00:35]} a3 {[%clk 0:18:14]} 43. Ra7 {[%clk 0:30:28]} h5 {[%clk 0:47:03]}
44. h4 {[%clk 0:27:49]} Kf8 {[%clk 0:47:30]} 45. Kg1 {[%clk 0:24:45]} g6
{[%clk 0:46:40]} 46. Kh2 {[%clk 0:25:01]} Ke8 {[%clk 0:46:19]} 47. Kg1
{[%clk 0:24:36]} Kd8 {[%clk 0:46:25]} 48. Kh2 {[%clk 0:23:41]} Kc8
{[%clk 0:46:46]} 49. Rg7 {[%clk 0:18:19]} a2 {[%clk 0:45:18]} 50. Ra7
{[%clk 0:18:40]} Rb2 {[%clk 0:45:46]} 51. Kh3 {[%clk 0:18:10]} Kb8
{[%clk 0:46:12]} 52. Ra4 {[%clk 0:17:19]} Kc7 {[%clk 0:46:36]} 53. g4
{[%clk 0:17:11]} Kc6 {[%clk 0:46:40]} 54. gxh5 {[%clk 0:17:30]} gxh5
{[%clk 0:47:07]} 55. Kg3 {[%clk 0:17:40]} Kb5 {[%clk 0:46:43]} 56. Ra8
{[%clk 0:17:51]} Kc4 {[%clk 0:47:06]} 57. Kf4 {[%clk 0:17:26]} Kc3
{[%clk 0:46:29]} 58. Ra5 {[%clk 0:16:55]} Kb4 {[%clk 0:46:42]} 59. Ra8
{[%clk 0:17:11]} Rc2 {[%clk 0:47:07]} 60. Ra7 {[%clk 0:13:57]} Kb3
{[%clk 0:46:59]} 61. Ra5 {[%clk 0:12:58]} Rc4+ {[%clk 0:47:08]} 62. Kg5
{[%clk 0:13:14]} Ra4 {[%clk 0:47:35]} 0-1

[Event "Hoogeveen Open 2016"]
[Site "Hoogeveen"]
[Date "2016.10.15"]
[Round "1.2"]
[White "Sandipan, Chanda"]
[Black "Nguyen, Kevin"]
[Result "1-0"]
[BlackElo "2185"]
[WhiteElo "2593"]
[LiveChessVersion "1.4.8"]

1. d4 {[%clk 1:30:56]} g6 {[%clk 1:30:56]} 2. e4 {[%clk 1:30:51]} Bg7
{[%clk 1:31:21]} 3. Nf3 {[%clk 1:31:07]} d6 {[%clk 1:31:44]} 4. c3
{[%clk 1:31:05]} Nf6 {[%clk 1:30:40]} 5. Bd3 {[%clk 1:30:22]} c6 {[%clk 1:30:10]}
6. O-O {[%clk 1:30:26]} O-O {[%clk 1:30:31]} 7. h3 {[%clk 1:27:09]} Qc7
{[%clk 1:29:20]} 8. Be3 {[%clk 1:26:33]} Nbd7 {[%clk 1:27:52]} 9. Nbd2
{[%clk 1:26:43]} b5 {[%clk 1:24:04]} 10. a4 {[%clk 1:26:06]} Bb7 {[%clk 1:20:51]}
11. axb5 {[%clk 1:22:53]} cxb5 {[%clk 1:20:55]} 12. Qb1 {[%clk 1:17:42]} a6
{[%clk 1:19:29]} 13. Nb3 {[%clk 1:13:40]} Rac8 {[%clk 1:16:57]} 14. Rc1
{[%clk 1:08:32]} Nb6 {[%clk 1:09:47]} 15. Na5 {[%clk 1:07:37]} Ba8
{[%clk 1:05:31]} 16. c4 {[%clk 1:07:10]} Na4 {[%clk 0:54:59]} 17. b4
{[%clk 0:55:10]} Qb8 {[%clk 0:52:35]} 18. c5 {[%clk 0:54:38]} Nd7
{[%clk 0:50:57]} 19. Rxa4 {[%clk 0:50:58]} bxa4 {[%clk 0:51:06]} 20. Bxa6
{[%clk 0:51:14]} Rc7 {[%clk 0:46:30]} 21. b5 {[%clk 0:50:57]} dxc5
{[%clk 0:41:08]} 22. dxc5 {[%clk 0:50:53]} a3 {[%clk 0:36:06]} 23. c6
{[%clk 0:44:26]} Nb6 {[%clk 0:29:44]} 24. Qb3 {[%clk 0:38:46]} Bb2
{[%clk 0:28:34]} 25. Rd1 {[%clk 0:35:39]} Ra7 {[%clk 0:26:49]} 26. Bc5
{[%clk 0:27:19]} Rd8 {[%clk 0:18:10]} 27. Rxd8+ {[%clk 0:27:19]} Qxd8
{[%clk 0:18:37]} 28. Bxa3 {[%clk 0:25:40]} Bxa3 {[%clk 0:19:03]} 29. Qxa3
{[%clk 0:26:02]} Qd1+ {[%clk 0:19:30]} 30. Kh2 {[%clk 0:26:27]} Qe2
{[%clk 0:19:27]} 31. Qc5 {[%clk 0:24:31]} Rxa6 {[%clk 0:18:45]} 32. bxa6
{[%clk 0:24:52]} Qxa6 {[%clk 0:19:12]} 33. Qxe7 {[%clk 0:23:00]} Qxa5
{[%clk 0:18:46]} 34. Ne5 {[%clk 0:22:57]} Qa2 {[%clk 0:17:55]} 35. Qd8+
{[%clk 0:23:12]} Kg7 {[%clk 0:18:20]} 36. Qxb6 {[%clk 0:23:37]} Qd2
{[%clk 0:16:34]} 37. g3 {[%clk 0:14:21]} Qd6 {[%clk 0:13:45]} 38. Nxf7
{[%clk 0:13:25]} Qxc6 {[%clk 0:11:56]} 39. Qa7 {[%clk 0:12:01]} Qb7
{[%clk 0:07:13]} 40. Qxb7 {[%clk 0:12:22]} Bxb7 {[%clk 0:07:40]} 41. Nd6
{[%clk 0:12:45]} Bc6 {[%clk 0:08:05]} 42. e5 {[%clk 0:12:40]} g5 {[%clk 0:08:14]}
43. f4 {[%clk 0:12:54]} 1-0

[Event "Hoogeveen Open 2016"]
[Site "Hoogeveen"]
[Date "2016.10.15"]
[Round "1.3"]
[White "Keetman, Maaike"]
[Black "Lalith Babu M R"]
[Result "0-1"]
[BlackElo "2586"]
[WhiteElo "2174"]
[LiveChessVersion "1.4.8"]

1. e4 {[%clk 1:30:57]} g6 {[%clk 1:30:54]} 2. d4 {[%clk 1:31:16]} Bg7
{[%clk 1:31:19]} 3. Nc3 {[%clk 1:31:30]} c6 {[%clk 1:31:43]} 4. f4
{[%clk 1:31:12]} d5 {[%clk 1:32:09]} 5. e5 {[%clk 1:31:37]} Nh6 {[%clk 1:32:34]}
6. Nf3 {[%clk 1:28:00]} Qb6 {[%clk 1:32:19]} 7. Bd3 {[%clk 1:15:45]} Bg4
{[%clk 1:32:27]} 8. Na4 {[%clk 1:04:01]} Qa5+ {[%clk 1:32:13]} 9. Nc3
{[%clk 1:04:19]} c5 {[%clk 1:23:38]} 10. Bb5+ {[%clk 0:59:34]} Nc6
{[%clk 1:23:35]} 11. dxc5 {[%clk 0:52:40]} O-O {[%clk 1:23:28]} 12. Bd2
{[%clk 0:43:32]} Nd4 {[%clk 1:03:18]} 13. Be2 {[%clk 0:38:29]} Bxf3
{[%clk 1:03:19]} 14. Bxf3 {[%clk 0:35:02]} Qxc5 {[%clk 1:03:38]} 15. Bxd5
{[%clk 0:26:53]} Rad8 {[%clk 1:02:56]} 16. Bb3 {[%clk 0:21:14]} Rd7
{[%clk 1:02:09]} 17. Na4 {[%clk 0:17:16]} Qc6 {[%clk 0:51:46]} 18. O-O
{[%clk 0:17:26]} Rfd8 {[%clk 0:51:02]} 19. Rf2 {[%clk 0:17:36]} b5
{[%clk 0:50:24]} 20. Nc3 {[%clk 0:17:48]} a5 {[%clk 0:50:45]} 21. a3
{[%clk 0:12:49]} Nxb3 {[%clk 0:48:30]} 22. cxb3 {[%clk 0:13:17]} Qb6
{[%clk 0:48:52]} 23. Kf1 {[%clk 0:11:49]} Qxf2+ {[%clk 0:48:53]} 0-1

[Event "Hoogeveen Open 2016"]
[Site "Hoogeveen"]
[Date "2016.10.15"]
[Round "1.4"]
[White "Werle, Jan"]
[Black "Schoehuijs, Erik"]
[Result "1-0"]
[BlackElo "2169"]
[WhiteElo "2555"]
[LiveChessVersion "1.4.8"]

1. d4 {[%clk 1:30:51]} Nf6 {[%clk 1:30:53]} 2. c4 {[%clk 1:31:18]} g6
{[%clk 1:31:17]} 3. Nf3 {[%clk 1:31:27]} Bg7 {[%clk 1:31:37]} 4. g3
{[%clk 1:31:44]} O-O {[%clk 1:31:48]} 5. Bg2 {[%clk 1:32:09]} d6 {[%clk 1:32:10]}
6. Nc3 {[%clk 1:32:33]} Nbd7 {[%clk 1:32:34]} 7. O-O {[%clk 1:32:54]} e5
{[%clk 1:33:01]} 8. e4 {[%clk 1:33:04]} exd4 {[%clk 1:33:23]} 9. Nxd4
{[%clk 1:33:29]} Re8 {[%clk 1:33:40]} 10. h3 {[%clk 1:32:42]} c6 {[%clk 1:34:01]}
11. Be3 {[%clk 1:28:10]} Nc5 {[%clk 1:31:28]} 12. Qc2 {[%clk 1:27:10]} a5
{[%clk 1:30:58]} 13. Rad1 {[%clk 1:23:59]} Nfd7 {[%clk 1:31:09]} 14. b3
{[%clk 1:22:47]} Qb6 {[%clk 1:27:40]} 15. Nde2 {[%clk 1:20:26]} Qb4
{[%clk 1:20:03]} 16. Rxd6 {[%clk 1:07:45]} a4 {[%clk 1:16:43]} 17. Rb1
{[%clk 1:05:28]} axb3 {[%clk 1:15:35]} 18. axb3 {[%clk 1:05:49]} Nf8
{[%clk 0:58:09]} 19. Bd2 {[%clk 0:40:42]} Nce6 {[%clk 0:47:30]} 20. Rd3
{[%clk 0:37:35]} Qe7 {[%clk 0:43:59]} 21. f4 {[%clk 0:33:53]} Nd7
{[%clk 0:32:55]} 22. Kh2 {[%clk 0:27:40]} Ndc5 {[%clk 0:31:08]} 23. Re3
{[%clk 0:28:01]} Nd4 {[%clk 0:28:59]} 24. Nxd4 {[%clk 0:28:13]} Bxd4
{[%clk 0:29:23]} 25. Ree1 {[%clk 0:27:44]} Na6 {[%clk 0:24:30]} 26. Ne2
{[%clk 0:27:13]} Bf2 {[%clk 0:23:21]} 27. Rf1 {[%clk 0:27:18]} Bc5
{[%clk 0:23:41]} 28. Ra1 {[%clk 0:25:27]} Be6 {[%clk 0:21:28]} 29. Qb2
{[%clk 0:23:28]} Nb4 {[%clk 0:15:34]} 30. f5 {[%clk 0:19:22]} Bd7
{[%clk 0:13:24]} 31. Bh6 {[%clk 0:16:26]} f6 {[%clk 0:10:25]} 32. fxg6
{[%clk 0:16:43]} 1-0

[Event "Hoogeveen Open 2016"]
[Site "Hoogeveen"]
[Date "2016.10.15"]
[Round "1.5"]
[White "Clemens, Adrian"]
[Black "Shyam, Sundar M."]
[Result "0-1"]
[BlackElo "2552"]
[WhiteElo "2162"]
[LiveChessVersion "1.4.8"]

1. d4 {[%clk 1:30:54]} Nf6 {[%clk 1:30:26]} 2. c4 {[%clk 1:31:16]} e6
{[%clk 1:30:16]} 3. Nf3 {[%clk 1:31:28]} d5 {[%clk 1:30:38]} 4. Nc3
{[%clk 1:30:19]} Bb4 {[%clk 1:30:11]} 5. Bg5 {[%clk 1:27:51]} h6 {[%clk 1:28:55]}
6. Bxf6 {[%clk 1:26:48]} Qxf6 {[%clk 1:28:50]} 7. e3 {[%clk 1:27:07]} O-O
{[%clk 1:29:15]} 8. Rc1 {[%clk 1:26:58]} Rd8 {[%clk 1:28:28]} 9. a3
{[%clk 1:23:27]} Bxc3+ {[%clk 1:26:32]} 10. Rxc3 {[%clk 1:23:04]} c6
{[%clk 1:26:52]} 11. Bd3 {[%clk 1:18:56]} Nd7 {[%clk 1:24:53]} 12. O-O
{[%clk 1:14:54]} dxc4 {[%clk 1:20:02]} 13. Bxc4 {[%clk 1:05:38]} b6
{[%clk 1:19:12]} 14. e4 {[%clk 0:58:30]} Bb7 {[%clk 1:17:12]} 15. Qe2
{[%clk 0:51:14]} c5 {[%clk 1:10:54]} 16. d5 {[%clk 0:50:32]} exd5
{[%clk 1:04:13]} 17. Bxd5 {[%clk 0:49:34]} Bxd5 {[%clk 1:02:50]} 18. exd5
{[%clk 0:49:51]} Nf8 {[%clk 1:03:15]} 19. Rd1 {[%clk 0:43:51]} Ng6
{[%clk 1:02:44]} 20. g3 {[%clk 0:41:07]} Rd6 {[%clk 0:57:49]} 21. Rcd3
{[%clk 0:29:17]} Rad8 {[%clk 0:57:48]} 22. b3 {[%clk 0:29:03]} Qf5
{[%clk 0:52:26]} 23. Qd2 {[%clk 0:25:45]} Ne7 {[%clk 0:50:17]} 24. Nh4
{[%clk 0:25:12]} Qxd3 {[%clk 0:43:29]} 25. Qxd3 {[%clk 0:25:20]} Rxd5
{[%clk 0:43:56]} 26. Qe2 {[%clk 0:22:33]} Rxd1+ {[%clk 0:44:17]} 27. Kg2
{[%clk 0:23:01]} R1d7 {[%clk 0:43:17]} 28. Qe4 {[%clk 0:21:11]} b5
{[%clk 0:36:40]} 29. Nf3 {[%clk 0:17:02]} Rc7 {[%clk 0:35:11]} 30. Ne5
{[%clk 0:13:51]} Rdc8 {[%clk 0:35:33]} 31. a4 {[%clk 0:13:04]} c4
{[%clk 0:29:28]} 32. bxc4 {[%clk 0:12:39]} bxa4 {[%clk 0:27:15]} 33. Qf3
{[%clk 0:09:06]} Ng6 {[%clk 0:12:14]} 34. Nxg6 {[%clk 0:05:41]} fxg6
{[%clk 0:12:32]} 35. Qd5+ {[%clk 0:05:55]} Kh7 {[%clk 0:12:56]} 36. Qa5
{[%clk 0:06:13]} Rxc4 {[%clk 0:13:23]} 37. Qxa7 {[%clk 0:06:34]} Rf8
{[%clk 0:13:36]} 38. f4 {[%clk 0:04:23]} Rc2+ {[%clk 0:13:12]} 39. Kh3
{[%clk 0:04:47]} Ra2 {[%clk 0:13:26]} 40. Qd4 {[%clk 0:02:29]} Rf5
{[%clk 0:10:30]} 41. g4 {[%clk 0:01:53]} Rb5 {[%clk 0:10:22]} 0-1

[Event "Hoogeveen Open 2016"]
[Site "Hoogeveen"]
[Date "2016.10.15"]
[Round "1.6"]
[White "Ernst, Sipke"]
[Black "Roebers, Jan"]
[Result "1-0"]
[BlackElo "2151"]
[WhiteElo "2540"]
[LiveChessVersion "1.4.8"]

1. d4 {[%clk 1:30:56]} Nf6 {[%clk 1:30:35]} 2. c4 {[%clk 1:31:16]} e6
{[%clk 1:29:40]} 3. Nc3 {[%clk 1:29:20]} d5 {[%clk 1:27:16]} 4. cxd5
{[%clk 1:29:13]} exd5 {[%clk 1:27:40]} 5. Bg5 {[%clk 1:29:38]} Be7
{[%clk 1:25:59]} 6. e3 {[%clk 1:30:01]} O-O {[%clk 1:25:33]} 7. Bd3
{[%clk 1:29:28]} Nbd7 {[%clk 1:22:36]} 8. Nf3 {[%clk 1:29:06]} c6
{[%clk 1:18:16]} 9. Qc2 {[%clk 1:28:36]} Re8 {[%clk 1:14:57]} 10. O-O
{[%clk 1:28:59]} Nf8 {[%clk 1:10:21]} 11. h3 {[%clk 1:29:21]} Ng6
{[%clk 0:54:43]} 12. Bxf6 {[%clk 1:23:41]} Bxf6 {[%clk 0:54:29]} 13. b4
{[%clk 1:24:07]} Qd6 {[%clk 0:41:46]} 14. b5 {[%clk 1:21:51]} Bd8
{[%clk 0:31:56]} 15. bxc6 {[%clk 1:20:55]} bxc6 {[%clk 0:31:25]} 16. Rfc1
{[%clk 1:19:58]} Re6 {[%clk 0:24:15]} 17. Bf5 {[%clk 1:17:10]} Rf6
{[%clk 0:22:11]} 18. Bxc8 {[%clk 1:17:34]} Rxc8 {[%clk 0:22:28]} 19. Kf1
{[%clk 1:16:19]} c5 {[%clk 0:14:06]} 20. Qa4 {[%clk 1:14:06]} Bb6
{[%clk 0:12:55]} 21. dxc5 {[%clk 1:03:47]} Rxc5 {[%clk 0:12:54]} 22. Ne2
{[%clk 1:01:45]} Qc6 {[%clk 0:11:40]} 23. Qxc6 {[%clk 0:58:06]} Rfxc6
{[%clk 0:11:46]} 24. Rd1 {[%clk 0:57:49]} Ra5 {[%clk 0:11:28]} 25. Rd2
{[%clk 0:51:51]} Rc4 {[%clk 0:08:28]} 26. g3 {[%clk 0:50:21]} h6 {[%clk 0:08:16]}
27. h4 {[%clk 0:44:49]} Bd8 {[%clk 0:05:58]} 28. Rb1 {[%clk 0:43:24]} Bf6
{[%clk 0:06:09]} 29. Rb8+ {[%clk 0:41:56]} Kh7 {[%clk 0:06:31]} 30. Nfd4
{[%clk 0:38:56]} h5 {[%clk 0:06:20]} 31. Nb3 {[%clk 0:37:42]} Ra3
{[%clk 0:06:09]} 32. Rxd5 {[%clk 0:37:51]} Ne5 {[%clk 0:05:46]} 33. Rbb5
{[%clk 0:28:41]} Rxa2 {[%clk 0:03:09]} 34. Rxe5 {[%clk 0:28:38]} Bxe5
{[%clk 0:03:33]} 35. Rxe5 {[%clk 0:29:05]} g6 {[%clk 0:03:18]} 36. Ned4
{[%clk 0:26:40]} Kg7 {[%clk 0:03:26]} 37. Kg2 {[%clk 0:25:48]} Kf6
{[%clk 0:01:25]} 38. Rd5 {[%clk 0:25:10]} Rb4 {[%clk 0:01:32]} 39. Kf3
{[%clk 0:22:54]} Ra3 {[%clk 0:01:06]} 40. Nc5 {[%clk 0:23:08]} Rb2
{[%clk 0:01:01]} 41. Rd7 {[%clk 0:17:12]} Kg7 {[%clk 0:25:15]} 42. Nde6+
{[%clk 0:45:37]} Kg8 {[%clk 0:20:44]} 43. Rd8+ {[%clk 0:45:56]} Kh7
{[%clk 0:21:02]} 44. Ng5+ {[%clk 0:46:20]} Kg7 {[%clk 0:21:15]} 45. Rd7
{[%clk 0:46:45]} Kg8 {[%clk 0:17:33]} 46. Rxf7 {[%clk 0:46:23]} Ra5
{[%clk 0:17:26]} 47. Rc7 {[%clk 0:46:45]} 1-0

[Event "Hoogeveen Open 2016"]
[Site "Hoogeveen"]
[Date "2016.10.15"]
[Round "1.7"]
[White "De Boer, Bas"]
[Black "Debashis, Das"]
[Result "0-1"]
[BlackElo "2478"]
[WhiteElo "2149"]
[LiveChessVersion "1.4.8"]

1. d4 {[%clk 1:30:57]} Nf6 {[%clk 1:30:19]} 2. c4 {[%clk 1:31:20]} e6
{[%clk 1:30:38]} 3. Nc3 {[%clk 1:31:29]} Bb4 {[%clk 1:30:44]} 4. Qc2
{[%clk 1:31:47]} O-O {[%clk 1:29:26]} 5. Nf3 {[%clk 1:32:01]} b6 {[%clk 1:28:40]}
6. e4 {[%clk 1:32:00]} Bb7 {[%clk 1:23:20]} 7. Bd3 {[%clk 1:31:47]} h6
{[%clk 1:20:12]} 8. e5 {[%clk 1:25:25]} Ne8 {[%clk 1:18:42]} 9. O-O
{[%clk 1:24:56]} Bxf3 {[%clk 1:08:15]} 10. gxf3 {[%clk 1:25:18]} Nc6
{[%clk 1:07:13]} 11. Be3 {[%clk 1:21:09]} f6 {[%clk 0:54:43]} 12. f4
{[%clk 1:13:44]} fxe5 {[%clk 0:50:24]} 13. fxe5 {[%clk 1:13:55]} Bxc3
{[%clk 0:47:25]} 14. bxc3 {[%clk 1:08:26]} Ne7 {[%clk 0:46:05]} 15. Be4
{[%clk 1:04:33]} c6 {[%clk 0:44:05]} 16. Rae1 {[%clk 0:55:26]} d5
{[%clk 0:37:28]} 17. exd6 {[%clk 0:53:42]} Nxd6 {[%clk 0:37:46]} 18. Bd3
{[%clk 0:54:04]} Rf6 {[%clk 0:33:15]} 19. Bc1 {[%clk 0:50:49]} Qd7
{[%clk 0:26:16]} 20. Ba3 {[%clk 0:40:59]} Raf8 {[%clk 0:20:17]} 21. c5
{[%clk 0:38:40]} bxc5 {[%clk 0:19:02]} 22. Bxc5 {[%clk 0:37:04]} Nd5
{[%clk 0:18:09]} 23. Bxd6 {[%clk 0:24:17]} Qxd6 {[%clk 0:18:31]} 24. Be4
{[%clk 0:24:24]} Qf4 {[%clk 0:13:35]} 25. Kh1 {[%clk 0:20:37]} Qh4
{[%clk 0:10:16]} 26. f3 {[%clk 0:20:07]} Kh8 {[%clk 0:08:10]} 27. Rg1
{[%clk 0:14:34]} Qf4 {[%clk 0:03:40]} 28. Rg4 {[%clk 0:10:00]} Qxg4
{[%clk 0:03:45]} 29. fxg4 {[%clk 0:09:00]} Rf1+ {[%clk 0:04:14]} 30. Kg2
{[%clk 0:08:05]} Rxe1 {[%clk 0:04:37]} 31. Bxd5 {[%clk 0:07:45]} cxd5
{[%clk 0:04:47]} 32. Qd2 {[%clk 0:05:40]} Ref1 {[%clk 0:03:23]} 33. Qe3
{[%clk 0:04:33]} R8f6 {[%clk 0:02:35]} 34. Qe2 {[%clk 0:04:00]} R1f4
{[%clk 0:02:21]} 35. h3 {[%clk 0:03:54]} a5 {[%clk 0:01:55]} 36. a4
{[%clk 0:03:15]} Re4 {[%clk 0:01:17]} 37. Qd2 {[%clk 0:02:57]} Rf8
{[%clk 0:00:49]} 38. g5 {[%clk 0:01:17]} hxg5 {[%clk 0:00:39]} 39. Qxg5
{[%clk 0:01:28]} Rf6 {[%clk 0:00:54]} 40. Qd2 {[%clk 0:00:56]} Rg6+
{[%clk 0:00:56]} 41. Kh2 {[%clk 0:23:33]} Rh6 {[%clk 0:22:33]} 42. c4
{[%clk 0:22:08]} dxc4 {[%clk 0:20:11]} 43. Qxa5 {[%clk 0:22:30]} Re2+
{[%clk 0:18:27]} 44. Kg3 {[%clk 0:21:44]} Re3+ {[%clk 0:18:52]} 45. Kf4
{[%clk 0:14:50]} Rhxh3 {[%clk 0:18:56]} 46. Qc5 {[%clk 0:12:22]} Rhf3+
{[%clk 0:15:27]} 47. Kg4 {[%clk 0:12:43]} Rg3+ {[%clk 0:15:50]} 48. Kh4
{[%clk 0:09:27]} Rg6 {[%clk 0:12:49]} 49. Qxc4 {[%clk 0:06:30]} Re1
{[%clk 0:12:56]} 50. Qc6 {[%clk 0:06:27]} Rh1+ {[%clk 0:13:18]} 0-1

[Event "Hoogeveen Open 2016"]
[Site "Hoogeveen"]
[Date "2016.10.15"]
[Round "1.8"]
[White "Rathnakaran, K."]
[Black "Mellema, Andries"]
[Result "1-0"]
[BlackElo "2143"]
[WhiteElo "2469"]
[LiveChessVersion "1.4.8"]

1. e4 {[%clk 1:30:55]} e6 {[%clk 1:30:55]} 2. d4 {[%clk 1:31:09]} d5
{[%clk 1:31:00]} 3. Nc3 {[%clk 1:31:33]} dxe4 {[%clk 1:30:09]} 4. Nxe4
{[%clk 1:31:36]} Bd7 {[%clk 1:30:09]} 5. Nf3 {[%clk 1:31:36]} Bc6
{[%clk 1:30:28]} 6. Bd3 {[%clk 1:31:14]} Nd7 {[%clk 1:30:30]} 7. O-O
{[%clk 1:31:22]} Ngf6 {[%clk 1:30:07]} 8. Ng3 {[%clk 1:30:25]} Bd6
{[%clk 1:25:32]} 9. Re1 {[%clk 1:30:35]} O-O {[%clk 1:20:39]} 10. Ne5
{[%clk 1:30:35]} Bxe5 {[%clk 1:17:03]} 11. dxe5 {[%clk 1:30:55]} Nd5
{[%clk 1:17:21]} 12. Qh5 {[%clk 1:30:00]} f5 {[%clk 1:15:46]} 13. exf6
{[%clk 1:29:35]} N5xf6 {[%clk 1:13:38]} 14. Qg5 {[%clk 1:23:06]} Re8
{[%clk 1:11:03]} 15. b4 {[%clk 1:18:17]} b5 {[%clk 0:57:06]} 16. Bb2
{[%clk 1:15:56]} Qe7 {[%clk 0:52:28]} 17. a4 {[%clk 1:08:02]} Qxb4
{[%clk 0:46:03]} 18. Bxf6 {[%clk 1:01:25]} Nxf6 {[%clk 0:43:32]} 19. axb5
{[%clk 1:01:23]} Bd5 {[%clk 0:40:10]} 20. Nh5 {[%clk 0:58:37]} Qe7
{[%clk 0:36:19]} 21. c4 {[%clk 0:56:32]} Bb7 {[%clk 0:31:40]} 22. Rxe6
{[%clk 0:55:29]} 1-0

[Event "Hoogeveen Open 2016"]
[Site "Hoogeveen"]
[Date "2016.10.15"]
[Round "1.9"]
[White "Sparenberg, Erik"]
[Black "Ten Hertog, Hugo"]
[Result "0-1"]
[BlackElo "2468"]
[WhiteElo "2140"]
[LiveChessVersion "1.4.8"]

1. e4 {[%clk 1:30:52]} g6 {[%clk 1:30:54]} 2. d4 {[%clk 1:31:16]} Bg7
{[%clk 1:31:22]} 3. c4 {[%clk 1:31:00]} e6 {[%clk 1:29:03]} 4. Nf3
{[%clk 1:27:28]} Ne7 {[%clk 1:29:27]} 5. Nc3 {[%clk 1:26:25]} d5 {[%clk 1:26:42]}
6. e5 {[%clk 1:14:40]} c5 {[%clk 1:23:20]} 7. dxc5 {[%clk 1:07:45]} O-O
{[%clk 1:18:54]} 8. Bf4 {[%clk 1:01:15]} Nd7 {[%clk 1:05:36]} 9. cxd5
{[%clk 0:54:47]} Nxd5 {[%clk 1:03:15]} 10. Nxd5 {[%clk 0:54:39]} exd5
{[%clk 1:03:42]} 11. Qxd5 {[%clk 0:53:49]} Nxe5 {[%clk 1:02:30]} 12. Qxd8
{[%clk 0:52:05]} Nxf3+ {[%clk 1:02:55]} 13. Ke2 {[%clk 0:51:29]} Rxd8
{[%clk 1:02:58]} 14. Kxf3 {[%clk 0:51:53]} Be6 {[%clk 0:58:01]} 15. Be2
{[%clk 0:48:39]} Bxb2 {[%clk 0:30:56]} 16. Rab1 {[%clk 0:48:07]} Bd4
{[%clk 0:25:33]} 17. Kg3 {[%clk 0:41:54]} Bxa2 {[%clk 0:24:22]} 18. Rxb7
{[%clk 0:41:44]} Bxc5 {[%clk 0:24:20]} 19. Ra1 {[%clk 0:35:13]} Bd5
{[%clk 0:22:07]} 20. Rb5 {[%clk 0:35:23]} Bb6 {[%clk 0:07:56]} 21. Bg5
{[%clk 0:30:58]} Re8 {[%clk 0:07:03]} 22. Bf3 {[%clk 0:27:02]} Bxf3
{[%clk 0:07:25]} 23. Kxf3 {[%clk 0:27:18]} Rac8 {[%clk 0:07:25]} 24. Rb3
{[%clk 0:23:50]} Re5 {[%clk 0:03:51]} 25. Be3 {[%clk 0:16:40]} Rf5+
{[%clk 0:04:16]} 26. Kg3 {[%clk 0:15:12]} Bxe3 {[%clk 0:01:58]} 27. Rxe3
{[%clk 0:15:31]} Rc2 {[%clk 0:02:17]} 28. f4 {[%clk 0:14:54]} a5 {[%clk 0:00:39]}
29. Rea3 {[%clk 0:12:43]} Rcc5 {[%clk 0:00:36]} 30. Re3 {[%clk 0:11:25]} h5
{[%clk 0:00:53]} 31. Ra4 {[%clk 0:09:07]} Kg7 {[%clk 0:00:37]} 32. h3
{[%clk 0:09:24]} Rc2 {[%clk 0:00:33]} 33. Rea3 {[%clk 0:06:29]} Rd5
{[%clk 0:00:40]} 34. Kf3 {[%clk 0:03:40]} Rdd2 {[%clk 0:00:35]} 35. g3
{[%clk 0:02:48]} Rf2+ {[%clk 0:00:42]} 36. Ke4 {[%clk 0:03:11]} Rce2+
{[%clk 0:00:39]} 37. Kd5 {[%clk 0:02:56]} Rh2 {[%clk 0:00:33]} 38. h4
{[%clk 0:02:54]} Reg2 {[%clk 0:00:32]} 39. Re3 {[%clk 0:01:34]} Rh3
{[%clk 0:00:36]} 40. Raa3 {[%clk 0:01:39]} Kf6 {[%clk 0:00:36]} 41. Ke4
{[%clk 0:01:23]} a4 {[%clk 0:28:48]} 42. Rec3 {[%clk 0:28:58]} Re2+
{[%clk 0:28:01]} 43. Kd4 {[%clk 0:26:38]} Rh1 {[%clk 0:25:15]} 44. Re3
{[%clk 0:19:58]} Rhe1 {[%clk 0:16:54]} 45. Rxe2 {[%clk 0:19:08]} Rxe2
{[%clk 0:17:20]} 46. Rxa4 {[%clk 0:19:30]} Rg2 {[%clk 0:15:28]} 47. Ra3
{[%clk 0:15:16]} Kf5 {[%clk 0:15:39]} 48. Ra5+ {[%clk 0:15:09]} Kg4
{[%clk 0:14:13]} 49. Rg5+ {[%clk 0:14:17]} Kf3 {[%clk 0:13:03]} 50. f5
{[%clk 0:11:31]} Rxg3 {[%clk 0:11:43]} 51. fxg6 {[%clk 0:11:45]} Rxg5
{[%clk 0:10:50]} 0-1